000
00332nam a2200145Ia 4500
008
230917s9999||||xx |||||||||||||| ||und||
040
_e
148217
_a
MAIN
041
_a
English
082
_a
412 O65P
100
_a
O'Connor, J D
245
0
_a
Phonetics
260
_a
England
_b
Penguin Books
_c
1973
300
_a
320p p.
942
_c
BK
999
_c
140871
_d
140871